ペーパーマリオカラースプラッシュ ステージ名 - Statistics

General Stats
  • This quiz has been taken 19 times
  • The average score is 20 of 32
Answer Stats
ステージ色 ステージ名 % Correct
イロドリタウン
100%
ブルーノどうくつ
100%
キーコロとうげ
100%
アイキキビーチ
86%
ミドゥーリの大森
86%
マッキーコロシアム
86%
ホテル オーシャンブルー
86%
パ・プールていえん
86%
ベニーロード
71%
ダイダイトゲしんでん
71%
マスター・ド・カフェ
71%
キノピオエンジニアリング
71%
レストラン オレンジーノ
71%
サンセットエクスプレス
71%
グリングリンパワーラボ
71%
ミドゥーリサーカス
71%
クロクッパ城
71%
アキャットタワー
57%
キーノコハウス
57%
ダイダイ谷
57%
コバルトベース
57%
フカミドゥーリシアター
57%
アカミル湖
43%
コバルトドック
43%
マッカッ火山
43%
マッカッ火口
43%
ヤマブキー山
29%
コシンボクのはやし
29%
バイオれっとうかいきょう
29%
バイオれっとう うずしお島
29%
バイオれっとう とうだい島
29%
バイオれっとう おたから島
29%
No matching quizzes found
Score Distribution
Percent of People with Each Score
Percentile by Number Answered
Your Score History
You have not taken this quiz